Just Cause 3 - Geography - Statistics

General Stats
  • This quiz has been taken 85 times
  • The average score is 16 of 32
Answer Stats
Region Provinces % Correct
Insula Fonte
75%
Insula Dracon
71%
. Baia
67%
Insula Striate
65%
Regno
62%
Lavanda
60%
Montana
60%
Feno
58%
Lacos
56%
Sirocco Sud
56%
Libeccio
55%
Sirocco Nord
55%
Val de Mar
55%
Maestrale
53%
Soros
53%
Trio
53%
Costa Sud
51%
Falco
49%
Prima
49%
Capite Est
47%
Grande Pastura
47%
Aspera
45%
Cauda
45%
Prospere
45%
Litore Torto
44%
Umbra
44%
Massos
42%
Petra
42%
Plagia
42%
Rocca Blau
25%
Capite Ouest
16%
Corda Dracon
9%
No matching quizzes found
Score Distribution
Percent of People with Each Score
Percentile by Number Answered
Your Score History
You have not taken this quiz